| 000 | 00345nam a2200121Ia 4500 | ||
|---|---|---|---|
| 008 | 230907s9999||||xx |||||||||||||| ||und|| | ||
| 082 |
_a174.4 _bDOL |
||
| 100 |
_aDolan, Simon L. _9115883 |
||
| 245 | 0 | _aManaging by values : | |
| 260 |
_aPalgrave Macmillan, _bBasingstoke [England] ; | New York : _c2006 |
||
| 300 | _axxvii, 236 p. : | ||
| 942 | _cBK | ||
| 999 |
_c600064 _d600064 |
||